000 00904nam a2200229Ia 4500
005 20250108124840.0
008 008 250107s9999 xx 000 0 hin d
020 _a81-85787-97-2
037 _aTB
040 _aCRL
_bhin
_cCRL
041 _ahin
_2hin
084 _aO168,1N514:g Q5
084 _qCRL
100 _aपारीक, रमेश, संपा.
245 0 _aगांधी आचरण और विचार के प्रतीक श्री नेमिचन्द्र जैन ‘भावुक’
_cपारीक, रमेश, संपा.
260 _aजोधपुर, भारत
_bगांधी शांति प्रतिष्ठान समिति
_c2429
300 _a320पृ0
365 _aINR
_b180
650 _aहिन्दी साहित्य
942 _cTB
_hO168,1N514:g Q5
999 _c1234817
_d1234817